FOYE'S PRINCIPLES OF MEDICINAL CHEMISTRY (Record no. 9856)

MARC details
000 -LEADER
fixed length control field 00352nam a22001577a 4500
003 - CONTROL NUMBER IDENTIFIER
control field SGT
020 ## - INTERNATIONAL STANDARD BOOK NUMBER
International Standard Book Number 9788184736724
082 ## - DEWEY DECIMAL CLASSIFICATION NUMBER
Classification number 540,LEM
100 ## - MAIN ENTRY--PERSONAL NAME
Personal name LEMKE,THOMAS L.
245 ## - TITLE STATEMENT
Title FOYE'S PRINCIPLES OF MEDICINAL CHEMISTRY
250 ## - EDITION STATEMENT
Edition statement 7TH
260 ## - PUBLICATION, DISTRIBUTION, ETC. (IMPRINT)
Place of publication, distribution, etc NEW DELHI
Name of publisher, distributor, etc WOLTERS KLUWER
Year of Publication 2013
300 ## - PAGE DESCRIPTION
No. of Pages 1500
650 ## - SUBJECT ADDED ENTRY--TOPICAL TERM
Topical term or geographic name as entry element CHEMISTRY
942 ## - ADDED ENTRY ELEMENTS (KOHA)
Source of classification or shelving scheme Dewey Decimal Classification
Koha item type FPS Books
Holdings
Withdrawn status Lost status Source of classification or shelving scheme Damaged status Not for loan Collection code Home library Current library Shelving location Date acquired Vendor Name Cost, normal purchase price SGTU Bill Number Full call number Accession No. (Barcode) Date last seen Bill Date Koha item type
    Dewey Decimal Classification   Not For Loan SCIENCE SGT Science & Social Sciences Library SGT Science & Social Sciences Library Reference Book 05/09/2016 AHUJA BOOK 1350.00 SGTU 7161 540,LEM PS2342 05/09/2016 16/08/2016 FPS Books